Doing and writing qualitative research / (Record no. 345)
[ view plain ]
| 000 -LEADER | |
|---|---|
| fixed length control field | 00876cam a2200277 a 4500 |
| 001 - CONTROL NUMBER | |
| control field | 14376990 |
| 005 - DATE AND TIME OF LATEST TRANSACTION | |
| control field | 20240208053532.0 |
| 008 - FIXED-LENGTH DATA ELEMENTS--GENERAL INFORMATION | |
| fixed length control field | 060515s2007 enka b 001 0 eng |
| 020 ## - INTERNATIONAL STANDARD BOOK NUMBER | |
| ISBN | 141291129X (hbk.) |
| 020 ## - INTERNATIONAL STANDARD BOOK NUMBER | |
| ISBN | 9781412911290 |
| 020 ## - INTERNATIONAL STANDARD BOOK NUMBER | |
| ISBN | 1412911303 (pbk.) |
| 020 ## - INTERNATIONAL STANDARD BOOK NUMBER | |
| ISBN | 9781412911306 (pbk.) |
| 040 ## - CATALOGING SOURCE (பட்டியலாக்க மூலம்) | |
| Original cataloging agency | UKM |
| Transcribing agency | UKM |
| Modifying agency | BAKER |
| -- | YDXCP |
| -- | BWKUK |
| -- | DLC |
| 082 04 - DDC Classification | |
| Class No. | 306.85 |
| DDC Edition Number | 22 |
| Item Number - Author Mark | ADR. |
| 100 1# - MAIN ENTRY--PERSONAL NAME | |
| Personal name | Holliday, Adrian. |
| 245 10 - TITLE STATEMENT | |
| Title | Doing and writing qualitative research / |
| Statement of responsibility, etc. | Adrian Holliday. |
| 250 ## - EDITION STATEMENT | |
| Edition statement | 2nd ed. |
| 260 ## - PUBLICATION, DISTRIBUTION, ETC. | |
| Place of publication, distribution, etc. | London ; |
| -- | Thousand Oaks : |
| Name of publisher, distributor, etc. | SAGE, |
| Date of publication, distribution, etc. | 2007. |
| 300 ## - PHYSICAL DESCRIPTION | |
| Extent (e.g. Volumes, Pages etc.) | xiv, 199 p. : |
| 500 ## - GENERAL NOTE | |
| General note | Previous ed.: 2001. |
| 650 #0 - SUBJECT ADDED ENTRY--TOPICAL TERM | |
| Topical term or geographic name entry element | Social sciences |
| 650 #0 - SUBJECT ADDED ENTRY--TOPICAL TERM | |
| Topical term or geographic name entry element | Qualitative research. |
| 856 42 - ELECTRONIC LOCATION AND ACCESS | |
| Uniform Resource Identifier | <a href="http://www.loc.gov/catdir/enhancements/fy0704/2006927474-d.html">http://www.loc.gov/catdir/enhancements/fy0704/2006927474-d.html</a> |
| 856 41 - ELECTRONIC LOCATION AND ACCESS | |
| Uniform Resource Identifier | <a href="http://www.loc.gov/catdir/enhancements/fy0704/2006927474-t.html">http://www.loc.gov/catdir/enhancements/fy0704/2006927474-t.html</a> |
| 942 ## - Koha item type (Biblio) | |
| Koha item type | Books in Stacks (Lending) |
| Lost status | Damaged status | Collection code | Home library | Current library | Date acquired | Full call number | Accession Number | Item type |
|---|---|---|---|---|---|---|---|---|
| Lending | WERC Library | WERC Library | 02/08/2024 | 306.85 ADR. | 6368 | Books in Stacks (Lending) |
